Most Visited World Cities in 2016 - Statistics

General Stats
  • This quiz has been taken 318 times
  • The average score is 7 of 10
Answer Stats
# Overnight Visitors City % Correct
18.03 mil Paris
99%
12.75 mil New York City
97%
19.88 mil London
96%
11.70 mil Tokyo
89%
21.47 mil Bangkok
62%
11.95 mil Istanbul
53%
12.11 mil Singapore
51%
10.02 mil Seoul
47%
15.27 mil Dubai
43%
12.02 mil Kuala Lumpur
24%
No matching quizzes found
Score Distribution
Percent of People with Each Score
Percentile by Number Answered
Your Score History
You have not taken this quiz